000 00912nam a22001935i 4500
001 161812
003 ES-MaACL
005 20251111063351.0
008 020125s1873 sp |||| | spa d
040 _aCAM
_bspa
_cCAM
100 1 _aPérez Echevarría, Francisco,
_d1842-1884
_9131463
245 1 0 _aPalabras sueltas
_b: comedia en tres actos y en verso /
_coriginal de Francisco Pérez Echevarría.
260 _aMadrid :
_b[s.n.],
_c1873 (
_fImprenta de José Rodriguez)
300 _a87 p. ;
_c20 cm.
500 _aEn port.: Estrenada en el Teatro Español en 16 de abril de 1873.
596 _aEn verso de la port. consta: "... Administracion Lírico-Dramática de Eduardo Hidalgo ..."
852 _aES-MaACL
_jF-8575(5)
_z-- Enc. pasta española
_q-- Falto de la cub. original
_z-- Enc. en un vol. facticio formando parta de la Col. "Teatro español moderno" vol. 28
999 _c161812
_d161812